Hľadanie východísk ekonomického rastu. 3

Predpoklady ekonomickej expanzie. Rozvoj terciárnej sféry. Faktory ovplyvňujúce úroveň vlastných zdrojov v investičnom procese. Vzťah mechanizmu vedecko-technického rozvoja a ekonomického rastu. Nevyhnutnosť zapojenia ekonomiky SR do svetových hospodárskych a politických integračných procesov. Rast...

ver descrição completa

Na minha lista:
Detalhes bibliográficos
Autor principal: Baránik, Michal
Formato: Capítulo de Livro
Idioma:eslovaco
Assuntos:
Tags: Adicionar Tag
Sem tags, seja o primeiro a adicionar uma tag!

MARC

LEADER 00000naa a2200000 4500
001 r018274
005 20221213095715.4
041 0 |a slo 
044 |a SK 
245 1 0 |a Hľadanie východísk ekonomického rastu. 3  |c Michal Baránik 
520 |a Predpoklady ekonomickej expanzie. Rozvoj terciárnej sféry. Faktory ovplyvňujúce úroveň vlastných zdrojov v investičnom procese. Vzťah mechanizmu vedecko-technického rozvoja a ekonomického rastu. Nevyhnutnosť zapojenia ekonomiky SR do svetových hospodárskych a politických integračných procesov. Rast zamestnanosti - najdôležitejší impulz na riešenie ekonomických a sociálnych otázok v najbližších rokoch. 
610 2 0 |a Slovensko 
610 2 0 |a 1991-1995 
610 2 0 |a rast hospodársky 
610 2 0 |a zdroje finančné 
610 2 0 |a trh peňažný 
610 2 0 |a oživenie 
100 1 |a Baránik, Michal